000 00708nam a2200217Ia 4500
003 OSt
005 20251104161123.0
008 210210b2001 xxu||||| |||| 00| 0 eng d
020 _a81 7713 057 9
040 _cAL
041 _aKannada
082 _aK894.8 KANI
100 _aKANNADA PUSTAKA PRADHIKARA.
_dಕನ್ನಡ ಪುಸ್ತಕ ಪ್ರಾಧಿಕಾರ
_9204703
245 _aImmanuel Kant
_bಇಮ್ಯಾನುಯೆಲ್ ಕಾಂಟ್
260 _aBengaluru
_bKannada Pustaka Pradhikara
_c2001
300 _ax,46
650 _aImmanuel kant Jagatika chintakara male 6 Imyanuel Kant
_9204704
690 _aKannada Miscellaneous
_9204705
906 _aSG04045
942 _2ddc
_cSG
999 _c114894
_d114894